Iglesia, Estado y conciencia cristiana / (Record no. 74743)
[ view plain ]
| 000 -LEADER | |
|---|---|
| campo de control de longitud fija | 00583nam a2200193 i 4500 |
| 001 - NÚMERO DE CONTROL | |
| campo de control | 74743 |
| 003 - IDENTIFICADOR DE NÚMERO DE CONTROL | |
| campo de control | ES-MaACL |
| 005 - FECHA Y HORA DE LA ÚLTIMA TRANSACCIÓN | |
| campo de control | 20250831023856.0 |
| 007 - CAMPO FIJO DE DESCRIPCIÓN FÍSICA--INFORMACIÓN GENERAL | |
| campo de control de longitud fija | t| |
| 008 - DATOS DE LONGITUD FIJA--INFORMACIÓN GENERAL | |
| campo de control de longitud fija | 040920s1971 sp |||| | spa d |
| 100 1# - ENTRADA PRINCIPAL--NOMBRE DE PERSONA | |
| Nombre de persona | González del Valle, José M. |
| 9 (RLIN) | 58592 |
| 245 10 - MENCIÓN DEL TÍTULO | |
| Título | Iglesia, Estado y conciencia cristiana / |
| Mención de responsabilidad, etc. | José María González del Valle, Tomás Rincón. |
| 260 ## - PUBLICACIÓN, DISTRIBUCIÓN, ETC. | |
| Lugar de publicación, distribución, etc. | Madrid : |
| Nombre del editor, distribuidor, etc. | Palabra, |
| Fecha de publicación, distribución, etc. | 1971. |
| 300 ## - DESCRIPCIÓN FÍSICA | |
| Extensión | 127 p. ; |
| Dimensiones | 20 cm. |
| 650 07 - PUNTO DE ACCESO ADICIONAL DE MATERIA--TÉRMINO DE MATERIA | |
| Término de materia o nombre geográfico como elemento de entrada | Iglesia y Estado |
| Fuente del encabezamiento o término | embne |
| 9 (RLIN) | 13554 |
| 700 1# - ENTRADA AGREGADA--NOMBRE PERSONAL | |
| Nombre de persona | Rincón, Tomás. |
| 9 (RLIN) | 97264 |
| 852 ## - LOCALIZACIÓN | |
| Ubicación | ES-MaACL |
| Número de control de estantería | C-50619 |
| Estatus retirado | Estado de pérdida | Estado de daño | No para préstamo | Biblioteca de origen | Biblioteca actual | Ubicación en estantería | Fecha de adquisición | Fuente de adquisición | Total de préstamos | Signatura topográfica completa | Código de barras | Visto por última vez | Precio de reemplazo | Tipo de ítem Koha |
|---|---|---|---|---|---|---|---|---|---|---|---|---|---|---|
| Biblioteca del Ateneo de Madrid | Biblioteca del Ateneo de Madrid | Depósito 2 | 17/01/2008 | C-50619 | 1078239 | 23/02/2023 | 23/02/2023 | Libro impreso |
